000 00882nam a2200217Ia 4500
999 _c39582
_d39582
001 6181
003 GE_BSU
005 20190604143040.0
008 181216s2000|||| |||||||||||||| ||geo||
020 _a9992844094
040 _cGE_BSU
041 _ageo
080 _a37.01(479.22)(092) გ-58
100 _aგობრონიძე, ალექსანდრე
_9794
245 _aიაკობ გოგებაშვილი და აჭარა /
_cალექსანდრე გობრონიძე, ; რედ : ი.ბიბლეიშვილი.
264 _aბათუმი :
_bაჭარა,
_c2000.
300 _a294 გვ .:
_c21 სმ.
653 _aიაკობ გოგებაშვილი და აჭარა
700 _aბიბლეიშვილი, ი
_eრედაქტორი
_92030
942 _cBK
_2udc